• 首页
  • 本馆介绍
  • 公告通知
  • 最新文献
  • 馆藏检索
  • 电子资源
  • 读者导购
  • 参考咨询
  • 我的图书馆
  • 登录
  • 详细信息显示
  • 放入我的书架
  • 预约/预借图书
  • 作者相关作品
  • 分类相关作品
  • 丛书相关作品
  • 出版社相关作品

书目信息

  • 表格格式
  • 工作单格式
  • 卡片格式
题名:
西方文化管理概论
    
 
作者: 陈鸣 编著
分册:  
出版信息: 北京   清华大学出版社  2014
页数: 14,309页
开本: 23cm
丛书名:
单 册:
中图分类: G11
科图分类:
主题词: 西方文化--文化管理--高等学校--教材
电子资源:
ISBN: 978-7-302-36004-9
000 00824nam0 2200253 450
001 351952
005 20161017111006.50
010    @a978-7-302-36004-9@dCNY35.00
100    @a20140925d2014 em y0chiy50 ea
101 0  @achi
102    @aCN@b110000
105    @ay z 000yy
106    @ar
200 1  @a西方文化管理概论@f陈鸣编著
205    @a2版
210    @a北京@c清华大学出版社@d2014
215    @a14,309页@d23cm
300    @a“十二五”普通高等院校文化产业管理系列规划教材/胡惠林总主编
330    @a本书通过文化行政、文化政策、文化法治、文化审查、公共文化等八个层面,对西方主要发达国家的文化管理基本情况和演变态势作了一些正面的梳理和归纳。
606 0  @a西方文化@x文化管理@x高等学校@j教材
690    @aG11@v5
701  0 @a陈鸣@c(科普)@4编著
801  0 @aCN@bTANGWEI@c20161010
905    @b0897340-4@dG11@e53=2@f5
    
    西方文化管理概论/陈鸣编著.-2版.-北京:清华大学出版社,2014
    14,309页;23cm
    “十二五”普通高等院校文化产业管理系列规划教材/胡惠林总主编
    
    ISBN 978-7-302-36004-9:CNY35.00
    本书通过文化行政、文化政策、文化法治、文化审查、公共文化等八个层面,对西方主要发达国家的文化管理基本情况和演变态势作了一些正面的梳理和归纳。
●
相关链接 在E读中查询图书 在五车中查询图书 在当当中查询图书 在豆瓣中查询图书


正题名:西方文化管理概论     索取号:G11/53=2         预约/预借

序号 登录号 条形码 馆藏地/架位号 状态 备注
1 0897340   208973404   第一样本阅览室/ [索取号:G11/53=2] 在馆    
2 0897341   208973413   第四借阅区/ [索取号:G11/53=2] 在馆    
3 0897342   208973422   第四借阅区/ [索取号:G11/53=2] 在馆    
4 0897343   208973431   第四借阅区/ [索取号:G11/53=2] 在馆    
5 0897344   208973440   第四借阅区/ [索取号:G11/53=2] 在馆    
唐山师范学院图书馆 欢迎您!
大连网信软件有限公司© 版权所有